000 00622nam a2200229Ia 4500
003 OSt
005 20220928130930.0
006 a|||||r|||| 00| 0
007 ta
008 220927b |||||||| |||| 00| 0 eng d
024 _a75450
037 _cTextual
040 _aSDCL
_cSDCL
_beng
041 _2eng
_aeng
082 _aV21'N3, L6
100 _aBaker Christopher John
_9474695
245 0 _aPolitics of south India,1920-1937.
260 _aNew Delhi
_bVikas Publishing
_c1976
300 _axxiii,363p
_ccm.
942 _hV21'N3, L6
_cTEXL
_2CC
999 _c789091
_d789091